The essence of software engineering : (رقم التسجيلة. 32212)

تفاصيل مارك
000 -الفاتح
حقل البيانات ثابتة الطول 01167cam a2200325 i 4500
001 - رقم الضبط
رقم الضبط 17599713
003 - محدد رقم الضبط
رقم الضبط OSt
005 - وقت وتاريخ اخر تعامل مع التسجيلة
رقم الضبط 20150408114153.0
008 - عناصر البيانات ثابتة الطول - معلومات عامة
حقل البيانات ثابتة الطول 130123s2013 njua b 001 0 eng
010 ## - رقم ضبط مكتبة الكونجرس
رقم ضبط مكتبة الكونجرس 2012041460
020 ## - الرقم الدولى المعيارى للكتب
الرقم الدولى المعيارى للكتاب 9780321885951
020 ## - الرقم الدولى المعيارى للكتب
الرقم الدولى المعيارى للكتاب 0321885953
040 ## - مصدر الفهرسة
وكالة الفهرسة الأصلية DLC
لغة الفهرسة eng
وكالة النسخ DLC
وكالة التعديل DLC
قواعد الوصف rda
042 ## - رمز التحقق
رمز التحقق pcc
050 00 - رقم طلب مكتبة الكونجرس
رقم التصنيف QA76.758
رقم المادة .J334 2013
082 00 - رقم تصنيف ديوى العشرى
رقم التصنيف 005.1
رقم الطبعة 23
رقم المادة JIE
100 1# - المدخل الرئيسى - إسم شخصى
الإسم الشخصى Jacobson, Ivar.
9 (RLIN) 36415
245 14 - بيان العنوان
العنوان The essence of software engineering :
بقية العنوان applying the SEMAT kernel /
بيان المسئوليه,etc Ivar Jacobson, Pan-Wei Ng, Paul E. McMahon, Ian Spence, Svante Lidman.
246 30 - العنوان الموازى
عنوان صحيح/عنوان مختصر Applying the SEMAT kernel
300 ## - الوصف المادى
التعداد xliii, 300 pages :
تفاصيل ماديه اخرى للوعاء illustrations ;
أبعاد الوعاء 24 cm
504 ## - تبصرة ببليوجرافية
تبصرة ببليوجرافية,الخ Includes bibliographical references (pages 267-270) and index.
650 #0 - المدخل الاضافى بالموضوع-مصطلح موضوعى
مصطلح موضوعي أو اسم جغرافي كعنصر مدخل Software engineering.
700 1# - المدخل الاضافى - اسم شخصى
الإسم الشخصى Ng, Pan-Wei,
التواريخ المصاحبة للاسم 1969-
9 (RLIN) 40169
700 1# - المدخل الاضافى - اسم شخصى
الإسم الشخصى McMahon, Paul E.,
التواريخ المصاحبة للاسم 1949-
9 (RLIN) 40170
700 1# - المدخل الاضافى - اسم شخصى
الإسم الشخصى Spence, Ian,
التواريخ المصاحبة للاسم 1961-
9 (RLIN) 40171
700 1# - المدخل الاضافى - اسم شخصى
الإسم الشخصى Lidman, Svante.
9 (RLIN) 40172
906 ## - عنصر بيانات محلى F, LDF (RLIN)
a 7
b cbc
c orignew
d 1
e ecip
f 20
g y-gencatlg
942 ## - عناصر المدخل الإضافي( كوها)
مصدر التصنيف او مخطط الترفيف Dewey Decimal Classification
Koha [default] item type DVD
المقتنيات
حالة الفقد نموذج السعر الفعال حالة تلف ليس للاعارة رقم الطلب تاريخ الاكتساب الموقع الحالي الفرع الرئيسي Date last seen نوع المادة فى نظام كوها مصدر التصنيف او خطة الترفيف Total Checkouts
  2013-11-16     005.1 JIE 2013-11-16 المكتبة المركزية بالمجمعة (CL) المكتبة المركزية بالمجمعة (CL) 2013-11-16 كتاب Dewey Decimal Classification